| 000 | 00487nam a2200181Ia 4500 | ||
|---|---|---|---|
| 008 | 230711s9999||||xx |||||||||||||| ||und|| | ||
| 020 | _a978-89-317-2048-6 | ||
| 041 | _aENG | ||
| 082 |
_a620.106 _bVE-A |
||
| 100 | _aVersteeg,H | ||
| 245 | 3 |
_aAn introduction to computational fluid dynamics _bThe finite volume method |
|
| 250 | _a2nd . . Ed. | ||
| 260 |
_c2009 _aNew Delhi _bPearson |
||
| 300 | _a516p. | ||
| 650 | _aMechanical Engineering | ||
| 700 | _aMalalasekera,W | ||
| 942 | _cBK | ||
| 999 |
_c5910 _d5910 |
||